The dual city : (Record no. 608295)
[ view plain ]
| 000 -LEADER | |
|---|---|
| fixed length control field | 01071nam a2200325Ia 4500 |
| 001 - CONTROL NUMBER | |
| control field | 36433584 |
| 003 - CONTROL NUMBER IDENTIFIER | |
| control field | OCoLC |
| 005 - DATE AND TIME OF LATEST TRANSACTION | |
| control field | 20240227101438.0 |
| 008 - FIXED-LENGTH DATA ELEMENTS--GENERAL INFORMATION | |
| fixed length control field | 970224s1996 pk ab b 001 0 eng d |
| 020 ## - INTERNATIONAL STANDARD BOOK NUMBER | |
| International Standard Book Number | 0195777352 |
| 020 ## - INTERNATIONAL STANDARD BOOK NUMBER | |
| International Standard Book Number | 0195795121 |
| 040 ## - CATALOGING SOURCE | |
| Original cataloging agency | PJW |
| Transcribing agency | PJW |
| Modifying agency | NYP |
| 043 ## - GEOGRAPHIC AREA CODE | |
| Geographic area code | a-pk--- |
| 049 ## - LOCAL HOLDINGS (OCLC) | |
| Holding library | NYPG |
| 082 ## - DEWEY DECIMAL CLASSIFICATION NUMBER | |
| Classification number | 954.9183 |
| Author Mark | LAR |
| 100 1# - MAIN ENTRY--PERSONAL NAME | |
| Personal name | Lari, Yasmeen. |
| 9 (RLIN) | 121382 |
| 245 14 - TITLE STATEMENT | |
| Title | The dual city : |
| Remainder of title | Karachi during the Raj / |
| Statement of responsibility, etc. | Yasmeen Lari & Mihail S. Lari. |
| 246 30 - VARYING FORM OF TITLE | |
| Title proper/short title | Karachi during the Raj. |
| 260 ## - PUBLICATION, DISTRIBUTION, ETC. | |
| Place of publication, distribution, etc. | Karachi : |
| Name of publisher, distributor, etc. | Heritage Foundation ; |
| -- | Oxford University Press, |
| Date of publication, distribution, etc. | 2001.. |
| 300 ## - PHYSICAL DESCRIPTION | |
| Extent | xi, 353 p. : |
| Other physical details | ill. (some col.), maps ; |
| Dimensions | 29 cm. |
| 504 ## - BIBLIOGRAPHY, ETC. NOTE | |
| Bibliography, etc. note | Includes bibliographical references (p. 339-342) and index. |
| 650 #0 - SUBJECT ADDED ENTRY--TOPICAL TERM | |
| Topical term or geographic name entry element | Architecture |
| Geographic subdivision | Pakistan |
| -- | Karachi. |
| 9 (RLIN) | 121387 |
| 651 #0 - SUBJECT ADDED ENTRY--GEOGRAPHIC NAME | |
| Geographic name | Karachi (Pakistan) |
| General subdivision | History. |
| 9 (RLIN) | 121388 |
| 651 #0 - SUBJECT ADDED ENTRY--GEOGRAPHIC NAME | |
| Geographic name | Karachi (Pakistan) |
| General subdivision | Description and travel. |
| 9 (RLIN) | 121389 |
| 700 1# - ADDED ENTRY--PERSONAL NAME | |
| Personal name | Lari, Mihail S. |
| 9 (RLIN) | 121390 |
| 942 ## - ADDED ENTRY ELEMENTS (KOHA) | |
| Source of classification or shelving scheme | |
| Koha item type | Book |
| Institution code [OBSOLETE] | SADA |
| Call number prefix | 954.9183 LAR 2001 |
| 946 ## - LOCAL PROCESSING INFORMATION (OCLC) | |
| a | m |
| Withdrawn status | Lost status | Source of classification or shelving scheme | Damaged status | Not for loan | Permanent Location | Current Location | Date acquired | Source of acquisition | Total Checkouts | Full call number | Barcode | Date last seen | Date last checked out | Price effective from | Koha item type |
|---|---|---|---|---|---|---|---|---|---|---|---|---|---|---|---|
| School of Art Design and Architecture (SADA) | School of Art Design and Architecture (SADA) | 11/15/2018 | Donation | 2 | 954.9183 LAR 2001 | SADAD0000379 | 02/13/2025 | 01/28/2025 | 02/27/2024 | Book |
